000 00720nam a2200253Ia 4500
003 OSt
005 20220927110400.0
006 a|||||r|||| 00| 0
007 ta
008 220926b |||||||| |||| 00| 0 eng d
024 _a34466
037 _cReports
040 _aRTL
_cRTL
_beng
041 _2eng
_aeng
082 _a"X.243LBs, L9/GD"
110 _aPunjab Economic Advsiers
_9377109
245 0 _a"District Statistical abstract of district. Faridkot, 1978-79"
260 _aChandigarh
_bThe Author India
_c1979
300 _a433p.
_ccm.
490 _aIts Publication.251
700 _aPunjab Economic Advsiers
_9377110
942 _h"X.243LBs, L9/GD"
_cCC
999 _c696078
_d696078